| 000 | 01399nam a22002417a 4500 | ||
|---|---|---|---|
| 008 | 150519b xxu||||| |||| 00| 0 eng d | ||
| 020 | _a9780073524924 | ||
| 020 | _a0073524921 | ||
| 041 | 0 | _aeng | |
| 080 | _a174.4 | ||
| 100 | 1 | _aBennett-Alexander, Dawn. | |
| 245 | 0 | 0 | _aThe legal, ethical, and regulatory environment of business in a diverse society / |
| 260 |
_aNew York, NY : _bMcGraw-Hill Irwin, _cc2012. |
||
| 300 |
_a511 f.: _bme il.; _c27 cm. |
||
| 500 | _aIncludes bibliographical references and index. | ||
| 505 | _aIntroduction to the business and ethics environment in a diverse society -- Alternative dispute resolution -- The court system and legal process -- Administrative law -- Contracts and sales -- Torts -- Property, real and personal -- Business crimes -- Secured transactions and bankruptcy -- Agency and business organizations -- The employment relationship and equal employment opportunity -- Labor and management relations -- Securities regulation and compliance -- Antitrust and trade regulation -- Intellectual property -- Environmental law and business -- International trade and business. | ||
| 650 | 0 |
_aLigjet _zUnited States. |
|
| 650 | 0 |
_aTregëtia _zUnited States. |
|
| 650 | 0 |
_aRregullat _vHandbooks, manuals, etc. _zUnited States |
|
| 650 | 0 | _aEtika | |
| 700 | 1 |
_aHarrison, Linda F., _d1950- |
|
| 942 |
_2udc _cBK |
||
| 999 |
_c819 _d819 |
||